[Event "World Rapid Women 2017"]
[Site "Riyadh KSA"]
[Date "2017.12.27"]
[Round "8.42"]
[White "Szczepkowska, Karina"]
[Black "Nguyen, Thi Mai Hung"]
[Result "1-0"]
[WhiteTitle "IM"]
[BlackTitle "WGM"]
[WhiteElo "2419"]
[BlackElo "2321"]
[WhiteFideId "1122681"]
[BlackFideId "12401676"]
[EventDate "2017.12.26"]

1. d4 d5 2. c4 c6 3. Nf3 Nf6 4. Nc3 e6 5. e3 Nbd7 6. Qc2 b6 7. Bd3 Bb7 8. O-O
Be7 9. b3 dxc4 10. bxc4 c5 11. d5 exd5 12. cxd5 Nxd5 13. Nxd5 Bxd5 14. Rd1 Qc7
15. Bb2 Nf6 16. Bxf6 gxf6 17. Bb5+ Bc6 18. Bxc6+ Qxc6 19. Nd4 Qb7 20. Nf5 Rd8
21. Qa4+ b5 22. Qg4 c4 23. Qg7 Rf8 24. Qxh7 Rd5 25. Nd4 Kd8 26. Qe4 Kc8 27. Nc6
Rxd1+ 28. Rxd1 Ba3 29. Qf5+ Kc7 30. Rd7+ Kxc6 31. Qd5+ 1-0

[Event "World Rapid Women 2017"]
[Site "Riyadh KSA"]
[Date "2017.12.27"]
[Round "8.43"]
[White "Enkhtuul, Altan-Ulzii"]
[Black "Mammadzada, Gunay"]
[Result "1-0"]
[WhiteTitle "WGM"]
[BlackTitle "WGM"]
[WhiteElo "2344"]
[BlackElo "2333"]
[WhiteFideId "4901444"]
[BlackFideId "13403729"]
[EventDate "2017.12.26"]

1. d4 Nf6 2. Nf3 e6 3. g3 d5 4. Bg2 b5 5. a4 b4 6. c4 bxc3 7. bxc3 Be7 8. O-O
O-O 9. Bg5 Nbd7 10. Nbd2 Ba6 11. Re1 c5 12. Bxf6 Nxf6 13. e4 dxe4 14. Nxe4 Nxe4
15. Rxe4 Rb8 16. Ne5 Bb7 17. Re3 Bg5 18. Rd3 c4 19. Bxb7 cxd3 20. Be4 Qc7 21.
Qxd3 g6 22. c4 Bf6 23. Nc6 Rb6 24. Na5 Rd8 25. Nb3 Rb4 26. Rc1 Rxa4 27. d5 exd5
28. Bxd5 Rb4 29. Nd2 a5 30. Ne4 Bg7 31. Ng5 Rf8 32. Re1 Rbb8 33. h4 h6 34. Nf3
Rfd8 35. h5 g5 36. Nd4 Bxd4 37. Qxd4 Qb6 38. Qd3 Qf6 39. Re3 Qg7 40. Rf3 Rf8 41.
Kg2 Kh8 42. Qa3 f5 43. Qxa5 Rbe8 44. Qd2 f4 45. Rb3 Re7 46. g4 Rfe8 47. Bf3 Rd7
48. Qb2 Rc8 49. Bd5 Qxb2 50. Rxb2 Re7 51. Rb6 Kh7 52. Be6 Rcc7 53. Bf5+ Kg7 54.
Rg6+ Kf8 55. Be6 Rh7 56. Bd5 Ke7 57. Bg8 Rh8 58. Bd5 Kd7 59. Kf3 Kc8 60. Ra6 Kd7
61. Rg6 Ke7 62. Ke4 Rcc8 63. f3 Rb8 64. Ke5 Rb3 65. Rg7+ Kf8 66. Ra7 Rb8 67. c5
Ke8 68. c6 Rc8 69. Be6 1-0

[Event "World Rapid Women 2017"]
[Site "Riyadh KSA"]
[Date "2017.12.27"]
[Round "8.44"]
[White "Papp, Petra"]
[Black "Khukhashvili, Sopiko"]
[Result "1-0"]
[WhiteTitle "WGM"]
[BlackTitle "IM"]
[WhiteElo "2313"]
[BlackElo "2312"]
[WhiteFideId "739049"]
[BlackFideId "13602055"]
[EventDate "2017.12.26"]

1. e4 c5 2. Nf3 e6 3. d4 cxd4 4. Nxd4 a6 5. c4 Qc7 6. Nc3 Nf6 7. a3 Nc6 8. Be3
Ne5 9. f3 Be7 10. Rc1 h5 11. Be2 d6 12. b4 b6 13. Na4 Ned7 14. O-O Bb7 15. Qd2
h4 16. Rc2 h3 17. g3 Rc8 18. Rb1 Qb8 19. Bf1 Qa8 20. Rbc1 g6 21. Qf2 Bd8 22. Nb3
Qb8 23. Nd4 Kf8 24. Rb2 Kg7 25. c5 dxc5 26. bxc5 bxc5 27. Nb3 Qd6 28. Naxc5 Nxc5
29. Bxc5 Qd7 30. Bd4 Rxc1 31. Nxc1 Bc6 32. Nd3 Bb5 33. Ne5 Qc7 34. Bxb5 axb5 35.
Rc2 Qa5 36. Ng4 Rh5 37. Qd2 Qxa3 38. Qc3 Qxc3 39. Rxc3 g5 40. Rc8 Be7 41. Re8
Kg6 42. Rxe7 Nxg4 43. fxg4 Rh7 44. Rb7 b4 45. Kf2 b3 46. Ke2 Rh6 47. Rxb3 f6 48.
Rb6 Kf7 49. Rb7+ Kg6 50. Rb8 e5 51. Bc3 Rh7 52. Rb6 Re7 53. Ke3 Kf7 54. Rb8 Rc7
55. Bd2 Kg7 56. Rb1 Ra7 57. Rb2 Ra3+ 58. Ke2 Ra1 59. Kd3 Rh1 60. Be3 Re1 61. Re2
Ra1 62. Kc4 Kf7 63. Kd5 Rd1+ 64. Kc6 Ke6 65. Bc5 Rc1 66. Rd2 Re1 67. Rd7 f5 68.
gxf5+ Kf6 69. Be7+ 1-0

[Event "World Rapid Women 2017"]
[Site "Riyadh KSA"]
[Date "2017.12.27"]
[Round "8.45"]
[White "Belenkaya, Dina"]
[Black "Gara, Anita"]
[Result "1-0"]
[WhiteTitle "WGM"]
[BlackTitle "IM"]
[WhiteElo "2303"]
[BlackElo "2367"]
[WhiteFideId "24142654"]
[BlackFideId "709751"]
[EventDate "2017.12.26"]

1. e4 c5 2. Nf3 Nc6 3. Bb5 Qb6 4. Qe2 e6 5. c3 Nge7 6. O-O a6 7. Ba4 Ng6 8. d3
Be7 9. Na3 Qc7 10. Be3 b5 11. Bc2 Bb7 12. Rac1 O-O 13. d4 b4 14. Nc4 d5 15. exd5
exd5 16. Bxg6 fxg6 17. Nce5 bxc3 18. Rxc3 c4 19. Nxc6 Bxc6 20. Ne5 Bb5 21. a3
Bd6 22. f4 Rab8 23. Qg4 Qe7 24. Rf2 Rbd8 25. Rd2 Rf5 26. Bf2 Rdf8 27. Rf3 Qe6
28. Qg3 Qf6 29. Be3 Rc8 30. Rc2 Ba4 31. Rc1 Rb8 32. Rf2 Rb3 33. Qf3 Qe6 34. g4
Rf8 35. f5 gxf5 36. gxf5 Qf6 37. Qxd5+ Kh8 38. Nxc4 Bb8 39. Rc3 Rb5 40. Qe4 h6
41. b4 Kh7 42. Nb2 a5 43. Nxa4 axb4 44. axb4 Rxb4 45. Nc5 Bd6 46. Ne6 Rfb8 47.
Qg4 Rb1+ 48. Kg2 Re1 49. Bd2 Ra1 50. Rc1 Ra2 51. Be3 Rbb2 52. Rc8 Rxf2+ 53. Bxf2
Qf7 54. Qg6+ Qxg6+ 55. fxg6+ Kxg6 56. Rc6 Bxh2 57. Kxh2 Rxf2+ 58. Kg3 Rd2 59.
Kf4 Kf7 60. Ke5 Re2+ 61. Kd5 g5 62. Nd8+ Kg7 63. Ne6+ Kf7 64. Nc5 h5 65. Ne4 g4
66. Rh6 Rh2 67. Ke5 h4 68. Kf5 g3 69. Rh7+ Kf8 70. Kf6 Kg8 71. Kg6 Rf2 72. Rxh4
g2 73. Rg4 Rf4 74. Rxg2 Kf8 75. Re2 Ke7 76. Kg5 Rf8 77. Nf6+ Kd6 78. Kf5 Ra8 79.
Re6+ Kc7 80. Ke5 Ra1 81. d5 Re1+ 82. Ne4 Kd7 83. Rh6 Re2 84. Rh7+ Ke8 85. d6 Kd8
86. Kd5 Re1 87. Rh8+ Kd7 88. Nc5# 1-0

[Event "World Rapid Women 2017"]
[Site "Riyadh KSA"]
[Date "2017.12.27"]
[Round "9.1"]
[White "Pham, Le Thao Nguyen"]
[Black "Goryachkina, Aleksandra"]
[Result "1/2-1/2"]
[WhiteElo "2390"]
[BlackElo "2460"]
[EventDate "2017.12.26"]

1. Nf3 d5 2. e3 Nf6 3. c4 c6 4. Nc3 e6 5. b3 Bd6 6. Bb2 O-O 7. d4 Nbd7 8.
Be2 b6 9. O-O Bb7 10. Qc2 Qe7 11. e4 Nxe4 12. Nxe4 dxe4 13. Qxe4 Nf6 14.
Qh4 h6 15. Rad1 Rfd8 16. Ne5 c5 17. Bf3 cxd4 18. Bxb7 Qxb7 19. Bxd4 Be7 20.
Qf4 Rac8 21. h3 Qe4 22. Qxe4 Nxe4 23. Rfe1 Nf6 24. Be3 Kf8 25. Rxd8+ Bxd8
26. Rd1 Be7 27. Nd7+ Ke8 28. Nxf6+ Bxf6 29. Kf1 Be7 30. Ke2 Bc5 31. Bxc5
1/2-1/2

[Event "World Rapid Women 2017"]
[Site "Riyadh KSA"]
[Date "2017.12.27"]
[Round "9.2"]
[White "Ju, Wenjun"]
[Black "Paehtz, Elisabeth"]
[Result "1/2-1/2"]
[WhiteElo "2537"]
[BlackElo "2467"]
[EventDate "2017.12.26"]

1. Nf3 g6 2. d4 Bg7 3. e4 d6 4. c3 Nf6 5. Bd3 O-O 6. O-O Nc6 7. h3 e5 8.
Re1 Nh5 9. Bf1 h6 10. Na3 Qf6 11. Nc2 Nf4 12. Bxf4 Qxf4 13. g3 Qf6 14. Ne3
h5 15. Bg2 Re8 16. Nd5 Qd8 17. Qd2 Nb8 18. Rad1 Nd7 19. Qc2 c6 20. Ne3 Qc7
21. a4 a5 22. Ng5 Nf6 23. dxe5 dxe5 24. Nc4 Bf8 25. Qd3 Be6 26. Nxe6 Rxe6
27. Qc2 h4 28. gxh4 Nh5 29. Qd2 Qe7 30. Qg5 Qc5 31. Ne3 Be7 32. Qg4 Nf6 33.
Qe2 Nh5 34. Qg4 Nf6 35. Qf3 Nh5 36. Rd7 Nf4 37. Qg4 Bf8 38. Red1 Rb8 39.
Bf1 b5 40. axb5 cxb5 41. Nd5 Nxd5 42. R7xd5 Qc6 43. h5 Kg7 44. Bg2 b4 45.
Rxa5 bxc3 46. bxc3 Rb2 47. Rad5 Rf6 48. hxg6 Rfxf2 49. gxf7+ Qg6 50. Qxg6+
Kxg6 51. Bf1 Kxf7 52. Rxe5 Kg6 53. Rf5 Rxf5 54. exf5+ Kxf5 55. Bd3+ Kg5 56.
Rf1 Bc5+ 57. Kh1 Rf2 58. Rxf2 Bxf2 59. Kg2 Bc5 60. Be2 Kh6 61. Kf3 Kg7 62.
Kg4 Kh8 63. Kf5 Ba3 64. c4 Bb4 65. Ke4 Ba3 66. h4 Bb4 67. h5 Ba3 68. Kd5
Bb4 69. c5 Bxc5 70. Kxc5 Kg8 1/2-1/2

[Event "World Rapid Women 2017"]
[Site "Riyadh KSA"]
[Date "2017.12.27"]
[Round "9.4"]
[White "Charochkina, Daria"]
[Black "Danielian, Elina"]
[Result "0-1"]
[WhiteElo "2307"]
[BlackElo "2473"]
[EventDate "2017.12.26"]

1. d4 d6 2. Nf3 Bg4 3. g3 Bxf3 4. exf3 d5 5. Bg2 e6 6. O-O c6 7. f4 g6 8.
Nd2 Bg7 9. Nf3 Ne7 10. b3 c5 11. Bb2 Nbc6 12. Rb1 cxd4 13. Nxd4 O-O 14.
Nxc6 Nxc6 15. Bxg7 Kxg7 16. c4 d4 17. b4 Rc8 18. Qd2 Qd7 19. Rfd1 Rfd8 20.
c5 Ne7 21. Rb3 b6 22. cxb6 axb6 23. Qe2 Qd6 24. Qd3 e5 25. fxe5 Qxe5 26. b5
Qf6 27. Rb4 Rc3 28. Qd2 Nf5 29. Be4 Qe7 30. Bxf5 Qxb4 31. Bd3 Qc5 32. Re1
Ra8 33. h4 h5 34. Qe2 Raa3 35. Bb1 Rc1 36. Kg2 Rxe1 37. Qxe1 Qxb5 38. Qe7
Qc5 39. Qd7 Rc3 40. Be4 Qe5 41. Bd5 Qf5 42. Qd6 Rc2 43. Bf3 Qc5 44. Qd7 d3
45. Kh3 Qxf2 46. Bxh5 Qg2+ 47. Kg4 Rc4+ 48. Kg5 Qxg3+ 0-1

[Event "World Rapid Women 2017"]
[Site "Riyadh KSA"]
[Date "2017.12.27"]
[Round "9.5"]
[White "Dzagnidze, Nana"]
[Black "Khotenashvili, Bela"]
[Result "1-0"]
[WhiteElo "2508"]
[BlackElo "2425"]
[EventDate "2017.12.26"]

1. c4 e5 2. Nc3 Nc6 3. g3 g6 4. Bg2 Bg7 5. d3 d6 6. Nf3 Nf6 7. O-O O-O 8.
Rb1 h6 9. b4 Be6 10. b5 Ne7 11. a4 Rb8 12. Ba3 b6 13. Qb3 Nd7 14. e3 Nc5
15. Qc2 Qd7 16. Rfe1 g5 17. Rbd1 Bf5 18. Qe2 Nxd3 19. Rxd3 e4 20. Nxe4 Bxe4
21. Rdd1 Qe6 22. Bb2 Bxb2 23. Qxb2 Rfe8 24. Nd4 Qg6 25. Bxe4 Qxe4 26. Qb1
Qxb1 27. Rxb1 Kg7 28. a5 Kf6 29. Ra1 Rbc8 30. Kg2 h5 31. h3 Rh8 32. e4 h4
33. Nf3 Ng6 34. Rad1 hxg3 35. fxg3 Ne7 36. e5+ dxe5 37. Nxe5 Rhe8 38. a6
Kg7 39. Rd7 Nf5 40. Rxf7+ Kh6 41. Rf6+ Kg7 42. Rxf5 Re6 43. Rxg5+ Kh7 44.
Nd3 Rxe1 45. Nxe1 Re8 46. Kf2 Re4 47. Rg4 Re5 48. Nd3 1-0

[Event "World Rapid Women 2017"]
[Site "Riyadh KSA"]
[Date "2017.12.27"]
[Round "9.6"]
[White "Lei, Tingjie"]
[Black "Bodnaruk, Anastasia"]
[Result "1-0"]
[WhiteElo "2450"]
[BlackElo "2480"]
[EventDate "2017.12.26"]

1. Nf3 Nf6 2. g3 g6 3. b3 Bg7 4. Bb2 O-O 5. Bg2 d6 6. d4 e5 7. dxe5 Ng4 8.
Nc3 Nxe5 9. Nxe5 Bxe5 10. Qd2 Nc6 11. O-O-O Bg7 12. Kb1 a5 13. h4 h5 14. f3
Ne5 15. g4 a4 16. gxh5 axb3 17. axb3 gxh5 18. Rdg1 Ng6 19. f4 Bg4 20. Bf3
f5 21. Bxg4 hxg4 22. h5 Ne7 23. h6 Bf6 24. e4 Qc8 25. Rh5 Qe8 26. Rgh1 Kh7
27. exf5 Qc6 28. Re1 Qa6 29. Na4 Ng8 30. Bxf6 Nxf6 31. Re7+ Kh8 32. Rg5 b5
33. Qc3 b4 34. Qxc7 Qf1+ 35. Kb2 Qxf4 36. Rh7+ 1-0

[Event "World Rapid Women 2017"]
[Site "Riyadh KSA"]
[Date "2017.12.27"]
[Round "9.7"]
[White "Harika, Dronavalli"]
[Black "Girya, Olga"]
[Result "1-0"]
[WhiteElo "2466"]
[BlackElo "2390"]
[EventDate "2017.12.26"]

1. Nf3 d5 2. b3 Nf6 3. Bb2 Bf5 4. Nh4 Bg6 5. Nxg6 hxg6 6. e3 e6 7. Be2 Bd6
8. h3 Nbd7 9. d3 c6 10. Nd2 Qe7 11. a3 a5 12. c4 Be5 13. d4 Bc7 14. Qc2 g5
15. e4 dxe4 16. Nxe4 Nxe4 17. Qxe4 Nf6 18. Qe3 Bf4 19. Qf3 Bd6 20. g3 c5
21. dxc5 Bxc5 22. Kf1 Rd8 23. Kg2 O-O 24. h4 g4 25. Qf4 e5 26. Qg5 Bd4 27.
Bxd4 exd4 28. Bd3 Rfe8 29. Rhe1 Qc7 30. h5 Qc6+ 31. Kg1 Kh8 32. h6 g6 33.
Bf1 Qf3 34. Bg2 Qf5 35. Qxf5 gxf5 36. Rxe8+ Nxe8 37. Bxb7 Rb8 38. Bc6 Nf6
39. Ba4 Ne4 40. Rd1 Rd8 41. Bc6 d3 42. Bd5 d2 43. b4 axb4 44. axb4 Kh7 45.
b5 Rd6 46. Kf1 Kxh6 47. Bxe4 fxe4 48. Ke2 Rd4 49. Rb1 Rxc4 50. Kxd2 Rc7 51.
b6 Rb7 52. Ke3 f5 53. Kf4 Kg6 54. Rb5 e3 55. fxe3 Rb8 56. b7 Re8 57. Rb6+
1-0

[Event "World Rapid Women 2017"]
[Site "Riyadh KSA"]
[Date "2017.12.27"]
[Round "9.8"]
[White "Ushenina, Anna"]
[Black "Zimina, Olga"]
[Result "0-1"]
[WhiteElo "2482"]
[BlackElo "2376"]
[EventDate "2017.12.26"]

1. d4 d5 2. Nf3 Nf6 3. Bf4 c5 4. e3 cxd4 5. exd4 Nc6 6. c3 Bg4 7. Nbd2 e6
8. Qb3 Qc8 9. Bd3 Be7 10. O-O Bh5 11. Rae1 O-O 12. h3 a6 13. a4 Bg6 14. Re3
Na5 15. Qa2 Bxd3 16. Rxd3 b5 17. Bg5 Nc4 18. Ne5 Nxd2 19. Bxd2 Ne4 20. f3
Nxd2 21. Rxd2 b4 22. cxb4 Bxb4 23. Re2 Qc7 24. f4 g6 25. Qb3 Rab8 26. Qd3
Rfc8 27. Qxa6 Ra8 28. Qb5 Rcb8 29. Qd3 Rxa4 30. Rc2 Qb6 31. Rfc1 Bf8 32.
Nd7 Rxd4 33. Nxb6 Rxd3 34. Nd7 Rb7 35. Ne5 Rdb3 36. Rc8 Rxb2 37. Kh2 Kg7
38. R1c6 R2b4 39. Kg3 Be7 40. Re8 Rb3+ 41. Kh2 Bh4 42. Nf3 Bf6 43. Rcc8 h5
44. Rg8+ Kh7 45. Ng5+ Kh6 46. h4 Bg7 47. Rgd8 Rc3 48. Ra8 Rc4 49. g3 Rc2+
50. Kh3 d4 51. Nf3 Rc3 52. Ne5 d3 53. Ra6 Kh7 54. Nxd3 Rbb3 55. Rad6 Bf6
56. R8d7 Kg7 57. Kg2 Kf8 58. Kf2 Be7 59. Rd4 Rc2+ 60. Kf3 Bc5 61. Rd8+ Kg7
62. R4d7 Rxd3+ 63. Rxd3 Rf2+ 64. Ke4 f5+ 65. Ke5 Re2+ 0-1

[Event "World Rapid Women 2017"]
[Site "Riyadh KSA"]
[Date "2017.12.27"]
[Round "9.10"]
[White "Hoang, Thi Bao Tram"]
[Black "Cramling, Pia"]
[Result "1/2-1/2"]
[WhiteElo "2291"]
[BlackElo "2439"]
[EventDate "2017.12.26"]

1. d4 Nf6 2. Nf3 d5 3. Bf4 c5 4. e3 Nc6 5. Nc3 a6 6. dxc5 Bg4 7. Be2 e6 8.
h3 Bh5 9. Na4 Nd7 10. O-O Nxc5 11. Nxc5 Bxc5 12. c3 O-O 13. Re1 Qe7 14. Bg3
Rac8 15. Qa4 Rfd8 16. Rad1 Rd7 17. Ne5 Bxe2 18. Rxe2 Nxe5 19. Bxe5 Bd6 20.
Bxd6 Rxd6 21. Red2 Rdc6 22. Qg4 Rc4 23. Rd4 f5 24. Qg3 b5 25. Qe5 Kf7 26.
Rxc4 Rxc4 27. Rd4 Qc7 28. Qxc7+ Rxc7 29. g4 Kf6 30. f3 g6 31. Kf2 Rc5 32.
a4 e5 33. Rb4 Ke6 34. gxf5+ Kxf5 35. e4+ dxe4 36. Rxe4 g5 37. Ke3 h5 38.
Kf2 Rd5 39. Ke2 Rc5 40. Kd2 Rd5+ 41. Kc2 Kf6 42. b3 Kf5 43. c4 bxc4 44.
bxc4 Rc5 45. Kd3 a5 46. Kc3 Rc7 47. Re1 Kf4 48. Re4+ Kf5 49. Re1 Kf4 50.
Re4+ Kf5 51. Re1 Kf4 52. Re4+ 1/2-1/2

[Event "World Rapid Women 2017"]
[Site "Riyadh KSA"]
[Date "2017.12.27"]
[Round "9.11"]
[White "Batsiashvili, Nino"]
[Black "Abdumalik, Zhansaya"]
[Result "0-1"]
[WhiteElo "2400"]
[BlackElo "2439"]
[EventDate "2017.12.26"]

1. d4 Nf6 2. Nf3 g6 3. Bf4 Bg7 4. e3 d5 5. Be2 O-O 6. O-O c5 7. c3 b6 8. a4
a6 9. Nbd2 Bb7 10. h3 Nbd7 11. Rc1 Re8 12. c4 cxd4 13. exd4 dxc4 14. Nxc4
Nd5 15. Bg5 N7f6 16. Bd3 h6 17. Bd2 Nh5 18. Nce5 Ndf4 19. Bc4 e6 20. Be3
Rc8 21. Re1 Qe7 22. Kh2 Red8 23. Bf1 Nd5 24. Rxc8 Rxc8 25. Bd2 Nhf6 26. Qb3
g5 27. Bd3 a5 28. Bb1 Nb4 29. Bxg5 hxg5 30. Nxg5 Ng4+ 31. hxg4 Qxg5 32. Qg3
Qh6+ 33. Kg1 Rc1 34. f3 Qe3+ 35. Kh2 Qxe1 36. Qf4 Qh4# 0-1

[Event "World Rapid Women 2017"]
[Site "Riyadh KSA"]
[Date "2017.12.27"]
[Round "9.12"]
[White "Padmini, Rout"]
[Black "Tokhirjonova, Gulrukhbegim"]
[Result "0-1"]
[WhiteElo "2409"]
[BlackElo "2171"]
[EventDate "2017.12.26"]

1. Nf3 Nf6 2. g3 d5 3. Bg2 Bg4 4. O-O Nbd7 5. h3 Bf5 6. d3 e5 7. Nh4 Be6 8.
e4 dxe4 9. dxe4 Nc5 10. Nd2 Qd7 11. Kh2 Bd6 12. Qe2 O-O-O 13. Nc4 Qc6 14.
Nxd6+ cxd6 15. Nf5 Bxf5 16. exf5 e4 17. Be3 d5 18. Rfd1 Kb8 19. Rd2 g6 20.
b4 Ncd7 21. b5 Qc7 22. fxg6 hxg6 23. Kg1 Ka8 24. Bd4 Rhe8 25. Qe3 Ne5 26.
Re2 Nc4 27. Qg5 Ng8 28. a4 Qa5 29. g4 Re6 30. Rae1 Ne7 31. h4 f5 32. Bf6
Qc7 33. Bxe7 Qxe7 34. Qxe7 Rxe7 35. gxf5 gxf5 36. f3 Rg7 37. fxe4 dxe4 38.
Rf1 Rdg8 39. Rxf5 Rxg2+ 40. Rxg2 Rxg2+ 41. Kxg2 Ne3+ 42. Kg3 Nxf5+ 43. Kf4
e3 44. Kf3 Kb8 45. c4 b6 46. h5 Kc7 47. h6 Nxh6 48. Kxe3 Kd6 49. Kd4 Nf5+
50. Ke4 Ng3+ 51. Kd4 Ne2+ 52. Kd3 Ng1 53. Kd4 Nf3+ 54. Ke4 Ne5 55. Kd4 Nd7
56. Kc3 0-1

[Event "World Rapid Women 2017"]
[Site "Riyadh KSA"]
[Date "2017.12.27"]
[Round "9.13"]
[White "Vo, Thi Kim Phung"]
[Black "Atalik, Ekaterina"]
[Result "0-1"]
[WhiteElo "2192"]
[BlackElo "2389"]
[EventDate "2017.12.26"]

1. d4 Nf6 2. c4 e6 3. Nc3 d5 4. cxd5 exd5 5. Qc2 c6 6. Bg5 Nbd7 7. e3 h6 8.
Bh4 Be7 9. Bd3 Nh5 10. Bxe7 Qxe7 11. Nge2 Nhf6 12. Ng3 Nb6 13. O-O O-O 14.
Rab1 Be6 15. b4 a6 16. a4 Nc8 17. b5 axb5 18. axb5 c5 19. dxc5 Qxc5 20.
Rfd1 Qe7 21. Nf5 Bxf5 22. Bxf5 Nb6 23. Qd3 g6 24. Qd4 Qd8 25. Bh3 Re8 26.
g3 Ne4 27. Nxe4 dxe4 28. Qc5 Qf6 29. Rd6 Na4 30. Qb4 Qe5 31. Rd7 Nc5 32.
Rd4 b6 33. Bf1 Kg7 34. Qd2 Qf6 35. Bc4 Red8 36. Rd1 Rxd4 37. Qxd4 Qxd4 38.
exd4 Rd8 39. Kf1 Na4 40. Rd2 Nc3 41. d5 Na4 42. Ke2 Nc5 43. Ke3 Ra8 44. d6
Kf8 45. Kd4 Ra4 46. Kd5 Ke8 47. Ra2 Rxa2 48. Bxa2 Kd7 49. Bb1 f5 50. Ke5
Nd3+ 51. Kf6 Nxf2 52. Kxg6 e3 53. Bxf5+ Kxd6 54. Kxh6 e2 55. g4 e1=Q 56. g5
Qe5 0-1

[Event "World Rapid Women 2017"]
[Site "Riyadh KSA"]
[Date "2017.12.27"]
[Round "9.14"]
[White "Karavade, Eesha"]
[Black "Gunina, Valentina"]
[Result "1-0"]
[WhiteElo "2369"]
[BlackElo "2566"]
[EventDate "2017.12.26"]

1. Nf3 Nf6 2. c4 c5 3. Nc3 e6 4. g3 b6 5. Bg2 Bb7 6. O-O Be7 7. Re1 d5 8.
cxd5 Nxd5 9. e4 Nb4 10. d4 cxd4 11. Nxd4 N8c6 12. Be3 O-O 13. Nxc6 Bxc6 14.
Qe2 Qd3 15. Rad1 Qxe2 16. Rxe2 Rac8 17. a3 Na6 18. e5 Nb8 19. Bxc6 Nxc6 20.
f4 Rfd8 21. Red2 f6 22. exf6 gxf6 23. Nb5 Rxd2 24. Rxd2 a6 25. Nd6 Rd8 26.
Ne4 f5 27. Rxd8+ Bxd8 28. Nf2 e5 29. fxe5 Nxe5 30. Kf1 Kf7 31. Ke2 Ke6 32.
Nd3 Ng4 33. Bg1 Bc7 34. a4 h5 35. Nb4 a5 36. Nd3 Kd5 37. b3 Kc6 38. Kf3 Nf6
39. Nf4 b5 40. Bd4 Ne4 41. Ke3 Ng5 42. Nxh5 Ne6 43. Nf4 Ng5 44. h4 Nf7 45.
h5 Nh6 46. Bg7 Nf7 47. h6 Ng5 48. Ne6 Bb6+ 49. Bd4 bxa4 50. bxa4 Bxd4+ 51.
Nxd4+ Kc5 52. Nxf5 Kb4 53. Kf4 Nh7 54. Ne7 Kxa4 55. Nc6 Kb5 56. Nxa5 Kc5
57. g4 Kd6 58. g5 Ke7 59. g6 Nf6 60. h7 1-0

[Event "World Rapid Women 2017"]
[Site "Riyadh KSA"]
[Date "2017.12.27"]
[Round "9.15"]
[White "Tan, Zhongyi"]
[Black "Berend, Elvira"]
[Result "1/2-1/2"]
[WhiteElo "2502"]
[BlackElo "2355"]
[EventDate "2017.12.26"]

1. d4 Nf6 2. c4 e6 3. Nf3 Bb4+ 4. Bd2 c5 5. Bxb4 cxb4 6. g3 O-O 7. Bg2 d6
8. O-O a5 9. a3 Na6 10. Qd3 Qc7 11. Nbd2 e5 12. Rfc1 Re8 13. e4 exd4 14.
Nxd4 Bd7 15. axb4 axb4 16. Nb5 Bxb5 17. cxb5 Nc5 18. Qc4 Rxa1 19. Rxa1 Qb6
20. Rf1 b3 21. h3 h5 22. Qb4 h4 23. Nc4 Qc7 24. b6 Qe7 25. Ne3 hxg3 26.
fxg3 Nfxe4 27. Nf5 Qe5 28. Qc4 d5 29. Qe2 Nf6 30. Qxe5 Rxe5 31. Nd4 Ncd7
32. Rf3 Re1+ 33. Kh2 Rd1 34. Nxb3 Nxb6 35. Nc5 Nc4 36. b3 Ne5 37. Rf5 Nc6
38. g4 Nd4 39. Rf2 b6 40. Na4 Nxb3 41. Nxb6 Ne4 42. Rf5 Nbc5 43. Nxd5 g6
44. Re5 Rd2 45. Ne3 f6 46. Re7 Kf8 47. Rc7 Ne6 48. Rc8+ Kf7 49. Rc4 Nd6 50.
Ra4 g5 51. Nd5 Nb5 52. Kg1 Ned4 53. Ra6 Ne6 54. Rb6 Nbd4 55. Rb7+ Kf8 56.
Rb8+ Kf7 57. Rb7+ Kf8 58. Rb8+ Kf7 59. Rb7+ Kf8 1/2-1/2

[Event "World Rapid Women 2017"]
[Site "Riyadh KSA"]
[Date "2017.12.27"]
[Round "9.16"]
[White "Cornette, Deimante"]
[Black "Stefanova, Antoaneta"]
[Result "1/2-1/2"]
[WhiteElo "2320"]
[BlackElo "2497"]
[EventDate "2017.12.26"]

1. e4 e5 2. Nf3 Nc6 3. Bb5 Nf6 4. O-O Nxe4 5. Re1 Nd6 6. Nxe5 Nxe5 7. Rxe5+
Be7 8. Bf1 O-O 9. d4 Bf6 10. Re1 Nf5 11. c3 d5 12. Bf4 c6 13. Nd2 Bg5 14.
Bxg5 Qxg5 15. Nf3 Qh6 16. Ne5 Nd6 17. Bd3 f6 18. Nf3 Bg4 19. Qd2 Qxd2 20.
Nxd2 Rfe8 21. f3 Bf5 22. Bxf5 Nxf5 23. Kf2 Kf7 24. Nb3 Nd6 25. Nc5 a5 26.
a4 1/2-1/2

[Event "World Rapid Women 2017"]
[Site "Riyadh KSA"]
[Date "2017.12.27"]
[Round "9.17"]
[White "Zawadzka, Jolanta"]
[Black "Huang, Qian"]
[Result "0-1"]
[WhiteElo "2361"]
[BlackElo "2453"]
[EventDate "2017.12.26"]

1. e4 d5 2. exd5 Qxd5 3. Nc3 Qd8 4. d4 g6 5. Bc4 Nf6 6. h3 Bg7 7. Nf3 O-O
8. O-O Nc6 9. Re1 b6 10. a3 e6 11. Bg5 Ne7 12. Qd2 Bb7 13. Ne5 Nf5 14. Rad1
h6 15. Bf4 Kh7 16. Ng4 Nxg4 17. hxg4 Nxd4 18. Bxh6 Bxh6 19. Qxd4 Bg7 20.
Qf4 Qe7 21. Rd3 Rad8 22. Red1 Kg8 23. g5 Rxd3 24. Rxd3 Rd8 25. Nd1 Rxd3 26.
Bxd3 Qd6 27. Qa4 a5 28. Qe8+ Qf8 29. Qd7 Qd6 30. Qe8+ Qf8 31. Qd7 Qc8 32.
Qe7 Bc6 33. b4 Qd7 34. Qxd7 Bxd7 35. bxa5 bxa5 36. Ne3 a4 37. Kf1 Kf8 38.
Ke2 Ke7 39. Nc4 Bc3 40. Ke3 Bb5 41. f4 Bxc4 42. Bxc4 c6 43. Bd3 Bb2 44. g4
Bxa3 45. f5 Bc1+ 46. Kd4 gxf5 47. gxf5 exf5 48. Kc3 f4 49. Be4 c5 50. Bd5
a3 51. Kb3 Kf8 52. c3 Kg7 53. Kc2 Be3 54. Be4 f3 55. Bxf3 Bxg5 56. Bd5 f5
57. Kd3 Kf6 58. Ke2 Ke5 59. Ba2 Kf4 60. Kf2 Bf6 61. c4 Ke4 62. Bb1+ Kd4 63.
Kf3 Be5 64. Ba2 Kc3 65. Bb1 Kb2 0-1

[Event "World Rapid Women 2017"]
[Site "Riyadh KSA"]
[Date "2017.12.27"]
[Round "9.20"]
[White "Melia, Salome"]
[Black "Fataliyeva, Ulviyya"]
[Result "0-1"]
[WhiteElo "2398"]
[BlackElo "2085"]
[EventDate "2017.12.26"]

1. b3 e5 2. Bb2 Nc6 3. e3 Nf6 4. c4 d5 5. cxd5 Nxd5 6. a3 Be7 7. d3 O-O 8.
Nf3 f6 9. Be2 Be6 10. O-O Kh8 11. Nbd2 Qd7 12. Rc1 Rad8 13. Ne4 Bf7 14. Qc2
Qc8 15. b4 a6 16. Nc5 Nb8 17. Nd2 Nd7 18. Bg4 Bxc5 19. bxc5 Qa8 20. Nb3 a5
21. d4 a4 22. Nd2 exd4 23. Bxd4 Nb8 24. Bf5 Bg8 25. Nf3 Nc6 26. Bb2 Nde7
27. Be4 Qa6 28. Nd4 Nxd4 29. Bxd4 Nc6 30. Ba1 Bb3 31. Qb1 h6 32. Rfe1 Na5
33. Bf3 Qd3 34. Qxd3 Rxd3 35. Be2 Rdd8 36. Bc3 Nc6 37. f4 Rd5 38. Ba1 Rd2
39. Bf3 Ra2 40. e4 Rxa3 41. e5 fxe5 42. fxe5 Be6 43. Rb1 Rb3 44. Rbd1 Nb4
45. Re2 Nd3 46. c6 bxc6 47. Bxc6 a3 48. Be4 Nb4 49. Red2 Kg8 50. Bg6 Nc6
51. Rc2 Ne7 52. Be4 Rb4 53. Rxc7 Rxe4 54. Rxe7 Bb3 55. Rc1 Rf7 56. Rxf7
Kxf7 57. Kf2 a2 58. Re1 Rb4 59. e6+ Bxe6 60. Ke3 Rb1 61. Kf2 g6 62. Bc3 Bg4
63. h3 Bd1 64. Ke3 Bf3 65. Kd2 Bxg2 66. h4 g5 67. hxg5 hxg5 68. Re5 g4 69.
Rf5+ 0-1